[Event "Heart of Finland 2015"]
[Site "Jyvaskyla"]
[Date "2015.07.16"]
[Round "6.7"]
[White "Jacobsen Mikkel Manosri"]
[Black "Annenkov Kirill"]
[Result "1/2-1/2"]
[WhiteElo "2370"]
[BlackElo "2210"]
[PlyCount "28"]
[EventDate "2015.??.??"]
[WhiteClock "1:03:16"]
[BlackClock "1:21:22"]

1. d4 d5 2. Bf4 c5 3. e3 cxd4 4. exd4 Nc6 5. c3 Bf5 6. Qb3 Qd7 7. Nf3 e6 8.
Nbd2 a6 9. Be2 Nf6 10. O-O Be7 11. Ne5 Nxe5 12. Bxe5 O-O 13. a4 Ne4 14. Nxe4
Bxe4 1/2-1/2

[Event "Heart of Finland 2015"]
[Site "Jyvaskyla"]
[Date "2015.07.16"]
[Round "6.8"]
[White "Luukkonen Tommi"]
[Black "Torkkola Henri"]
[Result "0-1"]
[WhiteElo "2348"]
[BlackElo "2119"]
[PlyCount "58"]
[EventDate "2015.??.??"]
[WhiteClock "0:36:33"]
[BlackClock "0:12:02"]

1. c4 e6 2. d4 d5 3. Nc3 Be7 4. cxd5 exd5 5. Bf4 Nf6 6. Qc2 Nc6 7. e3 Nb4 8.
Qd2 Ne4 9. Nxe4 dxe4 10. Bc4 Be6 11. Bxe6 Nd3+ 12. Kf1 fxe6 13. Bg3 O-O 14. Ne2
Bd6 15. f3 Qf6 16. Ng1 Qf5 17. Qe2 e5 18. Rd1 Rae8 19. d5 Bc5 20. h4 Qg6 21.
Bf2 exf3 22. gxf3 e4 23. h5 Qb6 24. Bg3 Bxe3 25. Bxc7 Qd4 26. Nh3 Rxf3+ 27. Kg2
Ref8 28. Rhf1 Qxd5 29. Bg3 Qxh5 0-1

[Event "Heart of Finland 2015"]
[Site "Jyvaskyla"]
[Date "2015.07.16"]
[Round "6.9"]
[White "Lobanov Sergei"]
[Black "Virtanen Teemu"]
[Result "1-0"]
[WhiteElo "2342"]
[BlackElo "2028"]
[PlyCount "59"]
[EventDate "2015.??.??"]
[WhiteClock "0:29:22"]
[BlackClock "0:28:52"]

1. e4 d6 2. d4 Nf6 3. Nc3 e5 4. Nf3 Nbd7 5. Bc4 Be7 6. O-O O-O 7. Re1 c6 8. a4
a5 9. Ba2 Re8 10. h3 h6 11. Nh4 Nf8 12. dxe5 dxe5 13. Qf3 Bc5 14. Nf5 Be6 15.
Rd1 N6d7 16. Qg4 Qf6 17. Rd3 Kh7 18. Rf3 Qg6 19. Qh4 Qf6 20. Qxf6 Nxf6 21. Nxh6
Bb4 22. Nxf7 Bxf7 23. Bxf7 Re7 24. Bc4 Ne6 25. Be3 Kh8 26. Rd1 Bxc3 27. bxc3
Nxe4 28. Rf5 Nxc3 29. Rh5+ Kg8 30. Rd6 1-0

[Event "Heart of Finland 2015"]
[Site "Jyvaskyla"]
[Date "2015.07.16"]
[Round "6.10"]
[White "Egorov Daniil"]
[Black "Koykka Pekka"]
[Result "0-1"]
[WhiteElo "2085"]
[BlackElo "2303"]
[PlyCount "55"]
[EventDate "2015.??.??"]
[WhiteClock "0:00:54"]
[BlackClock "0:40:24"]

1. e4 Nc6 2. Nf3 d6 3. d4 Nf6 4. Nc3 Bg4 5. d5 Nb8 6. Be2 g6 7. Be3 c5 8. dxc6
Nxc6 9. Nd4 Bxe2 10. Qxe2 Qc8 11. f3 Bg7 12. O-O-O Ne5 13. f4 Nc4 14. e5 Ng4
15. exd6 Ngxe3 16. Rd3 O-O 17. dxe7 Re8 18. Rxe3 Nxe3 19. Qxe3 Qc5 20. Rd1 Rxe7
21. Qd3 Rd8 22. Ne6 Rxd3 23. Nxc5 Rxd1+ 24. Kxd1 Bxc3 25. bxc3 Rc7 26. Ne4 Rc6
27. Kd2 f5 28. Nf2 0-1

[Event "Heart of Finland 2015"]
[Site "Jyvaskyla"]
[Date "2015.07.16"]
[Round "6.11"]
[White "Tuononen Janne"]
[Black "Rantanen Yrjo"]
[Result "1/2-1/2"]
[WhiteElo "2178"]
[BlackElo "2293"]
[PlyCount "131"]
[EventDate "2015.??.??"]
[WhiteClock "0:01:05"]
[BlackClock "0:03:22"]

1. c4 c5 2. Nf3 g6 3. d4 cxd4 4. Nxd4 Bg7 5. e4 Nc6 6. Be3 Nf6 7. Nc3 O-O 8.
Be2 b6 9. f4 e5 10. Ndb5 exf4 11. Bxf4 Ne8 12. O-O Bb7 13. Qe1 Nd4 14. Nxd4
Bxd4+ 15. Kh1 Bg7 16. Qg3 Qe7 17. e5 Rc8 18. Rae1 Qb4 19. b3 d6 20. Bf3 Bxf3
21. Rxf3 dxe5 22. Bxe5 Rd8 23. Nd5 Qc5 24. Qh4 Rd7 25. Bxg7 Kxg7 26. Rh3 h5 27.
Rhe3 Nc7 28. Qf6+ Kh7 29. Nc3 Kg8 30. h3 Rd6 31. Qf3 Re6 32. Rxe6 Nxe6 33. Nd5
Qd4 34. Qg3 Kg7 35. Ne7 Qf6 36. Nd5 Qd4 37. Kh2 h4 38. Qe5+ Qxe5+ 39. Rxe5 Rd8
40. Kg1 Rd6 41. Kf2 g5 42. Re2 Rd7 43. Rb2 Kg6 44. Ke3 f5 45. Rd2 Nc5 46. Kd4
Rd8 47. b4 Ne4 48. Rc2 b5 49. Ke5 Re8+ 50. Kd4 bxc4 51. Rxc4 Re6 52. Rc7 a6 53.
a4 Nf6 54. Ne7+ Kh5 55. Nxf5 Re4+ 56. Kd3 Rxb4 57. Rc6 Kg6 58. Ne7+ Kf7 59.
Rxf6+ Kxe7 60. Rxa6 Rb2 61. a5 Rxg2 62. Rh6 Kf7 63. Ke4 Kg7 64. Rb6 g4 65. hxg4
Rxg4+ 66. Kf3 1/2-1/2

[Event "Heart of Finland 2015"]
[Site "Jyvaskyla"]
[Date "2015.07.16"]
[Round "6.12"]
[White "Reinwald Patrick"]
[Black "Johansson Jukka"]
[Result "1/2-1/2"]
[WhiteElo "2247"]
[BlackElo "2089"]
[PlyCount "45"]
[EventDate "2015.??.??"]

1. e4 c5 2. d4 cxd4 3. c3 dxc3 4. Nxc3 Nc6 5. Nf3 d6 6. Bc4 a6 7. O-O Nf6 8.
Bf4 Bg4 9. h3 Bxf3 10. Qxf3 e6 11. Rfd1 Qb8 12. Be2 Be7 13. Qg3 O-O 14. Rxd6
Bxd6 15. Bxd6 Qa7 16. Bxf8 Rxf8 17. Rd1 e5 18. Bf3 Qc5 19. Nd5 Qd6 20. Ne3 Qb4
21. Nd5 Qd6 22. Ne3 Qb4 23. Nd5 1/2-1/2

[Event "Heart of Finland 2015"]
[Site "Jyvaskyla"]
[Date "2015.07.16"]
[Round "6.13"]
[White "Wallner Joachim"]
[Black "Hintikka Eero"]
[Result "1/2-1/2"]
[WhiteElo "2345"]
[BlackElo "2071"]
[PlyCount "130"]
[EventDate "2015.??.??"]
[WhiteClock "0:22:36"]
[BlackClock "0:11:35"]

1. Nf3 d5 2. b3 Nf6 3. Bb2 c5 4. e3 Nc6 5. Bb5 Bg4 6. h3 Bxf3 7. Bxc6+ bxc6 8.
Qxf3 e6 9. g4 Be7 10. d3 O-O 11. Nd2 Rb8 12. Qe2 c4 13. dxc4 Bb4 14. c3 Be7 15.
e4 Nd7 16. cxd5 exd5 17. O-O-O a5 18. Rhe1 Bg5 19. exd5 cxd5 20. Kb1 a4 21. Nf3
axb3 22. Rxd5 bxa2+ 23. Ka1 Bf4 24. Red1 Rb7 25. c4 Re8 26. Qd3 Qb8 27. Rb5 Nc5
28. Qc3 Ne6 29. Nd4 Rxb5 30. Nxb5 f6 31. Qf3 Qc8 32. Qe4 Qc5 33. f3 Qe3 34.
Qxe3 Bxe3 35. h4 Bf2 36. h5 Nc5 37. Kxa2 Re2 38. Kb1 Re3 39. Rd8+ Kf7 40. Nd4
Rd3 41. Kc2 Be1 42. Ne6 Rxd8 43. Nxd8+ Ke7 44. Ba3 Kxd8 45. Bxc5 Kd7 46. Kd3
Ke6 47. Bd4 Bb4 48. Ke4 g6 49. Be3 f5+ 50. gxf5+ gxf5+ 51. Kf4 h6 52. Kg3 Bf8
53. Bf4 Kf6 54. Kf2 Ke6 55. Ke3 Bg7 56. Kd3 Kd7 57. Be3 Ke6 58. Bd4 Bf8 59. Ke3
Kd6 60. Kf4 Ke6 61. Ke3 Kd6 62. Kd3 Ke6 63. Kc3 Kd6 64. Kd2 Ke6 65. Ke3 Kd6 {
Ke4 Kd5+} 1/2-1/2

[Event "Heart of Finland 2015"]
[Site "Jyvaskyla"]
[Date "2015.07.16"]
[Round "6.14"]
[White "Salimaki Janne"]
[Black "Tiitta Sauli"]
[Result "0-1"]
[WhiteElo "2106"]
[BlackElo "2245"]
[PlyCount "71"]
[EventDate "2015.??.??"]
[BlackClock "0:37:59"]

1. e4 e5 2. Nf3 Nc6 3. Bb5 Qf6 4. O-O Bc5 5. c3 Nge7 6. d4 exd4 7. Bg5 Qd6 8.
Bxe7 Kxe7 9. e5 Qd5 10. Nbd2 Na5 11. c4 Qe6 12. Ne4 b6 13. Qd2 Qh6 14. Qe1 Nc6
15. Bxc6 Qxc6 16. b4 Bb7 17. Ng3 h5 18. bxc5 h4 19. Nf5+ Kf8 20. N5xd4 Qg6 21.
Qe3 h3 22. g3 bxc5 23. Nb3 Qc6 24. Nbd2 Re8 25. Rab1 Ba8 26. Rfe1 Rh5 27. Qf4
g6 28. Rb3 Rf5 29. Qh6+ Kg8 30. Qxh3 Kg7 31. Rbe3 Rb8 32. Qg4 Rb2 33. Ne4 Qa4
34. Nf6 Qc2 35. R1e2 Bxf3 36. Rxc2 0-1

[Event "Heart of Finland 2015"]
[Site "Jyvaskyla"]
[Date "2015.07.16"]
[Round "6.15"]
[White "Meskanen Vesa"]
[Black "Franssila Tommi"]
[Result "0-1"]
[WhiteElo "2071"]
[BlackElo "2198"]
[PlyCount "88"]
[EventDate "2015.??.??"]
[WhiteClock "0:48:44"]
[BlackClock "0:31:55"]

1. d4 f5 2. g3 Nf6 3. Bg2 e6 4. b3 Be7 5. Bb2 O-O 6. Nd2 Nc6 7. e4 fxe4 8. Nxe4
Nxe4 9. Bxe4 Qe8 10. Nh3 d6 11. O-O e5 12. Bg2 Nxd4 13. Bxd4 exd4 14. Qxd4 Bf6
15. Qc4+ Be6 16. Bd5 Bxd5 17. Qxd5+ Qf7 18. Qxf7+ Kxf7 19. Rae1 Rae8 20. Kg2 d5
21. Nf4 c6 22. Rxe8 Rxe8 23. Kf3 g5 24. Nd3 Bc3 25. g4 Re4 26. h3 b6 27. Nc1
Rf4+ 28. Ke2 Re4+ 29. Kf3 Rf4+ 30. Ke2 c5 31. f3 Rd4 32. Rd1 Rxd1 33. Kxd1 Ke6
34. Ne2 Be5 35. Kd2 d4 36. Kd1 b5 37. Nc1 c4 38. b4 Kd5 39. a3 Bc7 40. Ne2 Be5
41. Kd2 a6 42. Kd1 d3 43. Nc1 dxc2+ 44. Kxc2 Kd4 0-1

[Event "Heart of Finland 2015"]
[Site "Jyvaskyla"]
[Date "2015.07.16"]
[Round "6.16"]
[White "Ronka Erik"]
[Black "Sorvari Jarmo"]
[Result "1-0"]
[WhiteElo "2189"]
[BlackElo "2051"]
[PlyCount "65"]
[EventDate "2015.??.??"]
[WhiteClock "0:05:19"]
[BlackClock "0:14:58"]

1. d4 Nf6 2. c4 e6 3. Nc3 Bb4 4. a3 Bxc3+ 5. bxc3 c5 6. f3 d5 7. cxd5 Nxd5 8.
Qd3 cxd4 9. cxd4 b6 10. e4 Ba6 11. Qd2 Bxf1 12. Kxf1 Nf6 13. Bb2 O-O 14. Ne2
Nc6 15. Rc1 Na5 16. Qb4 Nd7 17. Kf2 Qh4+ 18. g3 Qh6 19. Rc7 Nb8 20. Qb5 Qd2 21.
Bc3 Qc2 22. Rc1 Qb3 23. Qxb3 Nxb3 24. Rb1 Na6 25. Re7 Na5 26. Bxa5 bxa5 27.
Rbb7 Rab8 28. Rxa7 Rb6 29. Reb7 Rxb7 30. Rxb7 Ra8 31. Ke3 Kf8 32. Nc3 Ke8 33.
Nb5 1-0

[Event "Heart of Finland 2015"]
[Site "Jyvaskyla"]
[Date "2015.07.16"]
[Round "6.17"]
[White "Radkov Bazhen D."]
[Black "Viljava Tapani"]
[Result "1/2-1/2"]
[WhiteElo "2125"]
[BlackElo "2176"]
[PlyCount "71"]
[EventDate "2015.??.??"]
[WhiteClock "0:04:20"]
[BlackClock "0:01:59"]

1. e4 c5 2. Nf3 d6 3. d4 cxd4 4. Nxd4 Nf6 5. Nc3 e6 6. Be3 Be7 7. Be2 O-O 8.
O-O Nc6 9. f4 Qc7 10. Kh1 Bd7 11. Qe1 Nxd4 12. Bxd4 Bc6 13. Qg3 g6 14. Bd3 Nh5
15. Qf2 Nxf4 16. Qxf4 e5 17. Qf2 exd4 18. Qxd4 Qb6 19. Qxb6 axb6 20. Nd5 Bxd5
21. exd5 Kg7 22. Rf4 Ra5 23. Rb4 Rxd5 24. Rxb6 Rb8 25. a4 Bd8 26. Be4 Bxb6 27.
Bxd5 Rc8 28. c3 Rc7 29. g3 Re7 30. b4 Be3 31. Rd1 b6 32. Bf3 Rc7 33. Rd3 Bf2
34. Bd5 Be1 35. a5 Bf2 36. Kg2 1/2-1/2

[Event "Heart of Finland 2015"]
[Site "Jyvaskyla"]
[Date "2015.07.17"]
[Round "7.1"]
[White "Solozhenkin Evgeny"]
[Black "Kulaots Kaido"]
[Result "1/2-1/2"]
[WhiteElo "2464"]
[BlackElo "2574"]
[PlyCount "57"]
[EventDate "2015.??.??"]
[WhiteClock "0:12:00"]
[BlackClock "0:10:16"]

1. e4 c5 2. Nf3 d6 3. Bb5+ Nd7 4. d4 cxd4 5. Qxd4 a6 6. Bxd7+ Bxd7 7. c4 e5 8.
Qd3 b5 9. Nc3 bxc4 10. Qxc4 Be6 11. Qd3 h6 12. O-O Nf6 13. Rd1 Be7 14. Ne1 O-O
15. Nc2 Qb6 16. Ne3 Rfc8 17. b3 Qb7 18. Bd2 Bd8 19. Rac1 Bb6 20. Ncd5 Bxd5 21.
Nxd5 Nxd5 22. Qxd5 Qxd5 23. exd5 Kf8 24. Kf1 Ke7 25. Ke2 h5 26. f3 Kd7 27. Kd3
f5 28. h3 g6 29. Rxc8 1/2-1/2

[Event "Heart of Finland 2015"]
[Site "Jyvaskyla"]
[Date "2015.07.17"]
[Round "7.2"]
[White "Alekseenko Kirill"]
[Black "Seeman Tarvo"]
[Result "1/2-1/2"]
[WhiteElo "2513"]
[BlackElo "2414"]
[PlyCount "91"]
[EventDate "2015.??.??"]
[WhiteClock "0:22:52"]
[BlackClock "0:49:14"]

1. e4 d6 2. d4 Nf6 3. Nc3 e5 4. Nf3 Nbd7 5. Bc4 Be7 6. O-O O-O 7. a4 a6 8. Re1
b6 9. b3 Bb7 10. Bb2 c6 11. Bd3 Re8 12. Ne2 exd4 13. Nfxd4 g6 14. Ng3 Bf8 15.
Nf3 Bg7 16. b4 b5 17. axb5 cxb5 18. c4 bxc4 19. Bxc4 d5 20. Bxd5 Bxd5 21. exd5
Rxe1+ 22. Nxe1 Nb6 23. Bxf6 Qxf6 24. Ra5 Bf8 25. Nc2 Qb2 26. Ne4 Rc8 27. Nc5
Nxd5 28. Nd3 Qxc2 29. Qxc2 Rxc2 30. Rxd5 Bxb4 31. g3 a5 32. Nxb4 axb4 33. Rb5
Rb2 34. Kg2 h5 35. h4 Rb3 36. Kf1 Kf8 37. Rb7 Ke8 38. Ke2 Rb2+ 39. Ke3 b3 40.
Kf3 Kd8 41. Rxf7 Kc8 42. Rf4 Rc2 43. Rb4 b2 44. Kf4 Rxf2+ 45. Kg5 Rg2 46. Kxg6
1/2-1/2

[Event "Heart of Finland 2015"]
[Site "Jyvaskyla"]
[Date "2015.07.17"]
[Round "7.3"]
[White "Koykka Pekka"]
[Black "Kiik Kalle"]
[Result "1/2-1/2"]
[WhiteElo "2303"]
[BlackElo "2374"]
[PlyCount "99"]
[EventDate "2015.??.??"]
[WhiteClock "0:03:04"]
[BlackClock "0:14:52"]

1. d4 d5 2. c4 e6 3. Nf3 a6 4. Bg5 Be7 5. Bxe7 Qxe7 6. Qb3 Nf6 7. e3 Nbd7 8.
Nbd2 c6 9. Bd3 O-O 10. Qc2 h6 11. O-O e5 12. e4 dxe4 13. Nxe4 Nxe4 14. Bxe4
exd4 15. Nxd4 Qf6 16. Rad1 g6 17. c5 Re8 18. Rfe1 Nf8 19. b4 Bg4 20. f3 Bd7 21.
Nb3 Be6 22. Na5 Re7 23. Rd6 Rc8 24. Qd2 h5 25. Rd1 Kg7 26. a3 Nh7 27. Bd3 h4
28. Nxb7 Rxb7 29. Bxa6 Rbc7 30. Bxc8 Rxc8 31. Rd8 Rc7 32. Qd6 Ra7 33. Qxc6 h3
34. Qd6 Rxa3 35. Qd4 hxg2 36. Kxg2 Ra2+ 37. Kg3 Qxd4 38. R1xd4 Nf6 39. Rd2 Nh5+
40. Kf2 Ra3 41. b5 Rb3 42. Rb8 Nf4 43. c6 Rc3 44. Rd6 Kf6 45. b6 Rc2+ 46. Kf1
Rc1+ 47. Kf2 Rc2+ 48. Kf1 Rc1+ 49. Kf2 Rc2+ 50. Kf1 1/2-1/2

[Event "Heart of Finland 2015"]
[Site "Jyvaskyla"]
[Date "2015.07.17"]
[Round "7.4"]
[White "Lobanov Sergei"]
[Black "Moiseenko Vadim"]
[Result "1/2-1/2"]
[WhiteElo "2342"]
[BlackElo "2494"]
[PlyCount "52"]
[EventDate "2015.??.??"]
[WhiteClock "0:15:16"]
[BlackClock "0:44:16"]

1. e4 d6 2. d4 Nf6 3. Nc3 e5 4. Nf3 Nbd7 5. Bc4 exd4 6. Nxd4 g6 7. O-O Bg7 8.
Bg5 O-O 9. f4 c6 10. Kh1 d5 11. exd5 Nb6 12. Qd3 Nxc4 13. Qxc4 cxd5 14. Qb3 Qb6
15. Qxb6 axb6 16. Bxf6 Bxf6 17. Rad1 Rd8 18. a3 Bg4 19. Rd3 Rac8 20. h3 Rc4 21.
hxg4 Rxd4 22. Rfd1 Rxd3 23. Rxd3 d4 24. Ne2 h6 25. Kh2 g5 26. Kg3 Rc8 1/2-1/2

[Event "Heart of Finland 2015"]
[Site "Jyvaskyla"]
[Date "2015.07.17"]
[Round "7.5"]
[White "Torkkola Henri"]
[Black "Agopov Mikael"]
[Result "0-1"]
[WhiteElo "2119"]
[BlackElo "2458"]
[PlyCount "80"]
[EventDate "2015.??.??"]
[WhiteClock "0:32:48"]
[BlackClock "0:38:04"]

1. Nf3 c5 2. c4 Nc6 3. d4 cxd4 4. Nxd4 Nf6 5. Nc3 e6 6. Bg5 Be7 7. e3 O-O 8.
Be2 a6 9. O-O d6 10. Qc2 Bd7 11. Rac1 Qa5 12. Bxf6 Bxf6 13. Rfd1 Nxd4 14. exd4
Rfc8 15. Qe4 Be8 16. d5 e5 17. Rd3 g6 18. h4 b5 19. c5 b4 20. c6 bxc3 21. Rdxc3
Bg7 22. g4 Qd8 23. g5 h6 24. Rg3 a5 25. b3 hxg5 26. hxg5 f5 27. gxf6 Qxf6 28.
Bg4 Bf7 29. Bxc8 Rxc8 30. a3 Bh6 31. Rcc3 Bf4 32. Rg2 g5 33. c7 Bg6 34. Qc4 Bf5
35. b4 axb4 36. axb4 Qh6 37. b5 Ra8 38. Qf1 Kf7 39. b6 Rh8 40. f3 Bg3 0-1

[Event "Heart of Finland 2015"]
[Site "Jyvaskyla"]
[Date "2015.07.17"]
[Round "7.6"]
[White "Franssila Tommi"]
[Black "Sklyarov Dmitry"]
[Result "0-1"]
[WhiteElo "2198"]
[BlackElo "2436"]
[PlyCount "114"]
[EventDate "2015.??.??"]
[WhiteClock "0:22:40"]
[BlackClock "0:28:48"]

1. e4 c5 2. Nf3 Nf6 3. e5 Nd5 4. c3 Nc6 5. d4 cxd4 6. cxd4 d6 7. Bc4 e6 8. O-O
Be7 9. Qe2 O-O 10. Bd2 Qb6 11. Nc3 Nxd4 12. Nxd4 Qxd4 13. Bxd5 exd5 14. Be3
Qxe5 15. Qd2 Be6 16. Bd4 Qf5 17. f4 Rfc8 18. Rf3 h5 19. h3 h4 20. Rd1 Bd8 21.
Qf2 a6 22. Kh2 b5 23. a3 Rab8 24. Rfd3 b4 25. axb4 Rxb4 26. Be3 Bf6 27. Nxd5
Bxd5 28. Rxd5 Qe4 29. Rxd6 Rxb2 30. R1d2 Rcc2 31. Rd8+ Kh7 32. R8d7 Rxd2 33.
Bxd2 a5 34. Rxf7 Qd5 35. Rxf6 gxf6 36. Qxh4+ Kg7 37. Qg4+ Kf7 38. Bxa5 Qxa5 39.
Qd7+ Kf8 40. Qd6+ Kf7 41. Qd7+ Kg6 42. Qg4+ Kh6 43. Qh4+ Kg7 44. Qg4+ Kf8 45.
Qc8+ Ke7 46. Qg8 Qa2 47. Qh7+ Qf7 48. Qe4+ Kf8 49. Qf5 Rd2 50. Qc8+ Kg7 51. Qc3
Qd5 52. Qg3+ Kf7 53. Qg4 Rd4 54. h4 Qe4 55. Qh5+ Kg7 56. Qg4+ Kh6 57. Kg3 Qe3+
0-1

[Event "Heart of Finland 2015"]
[Site "Jyvaskyla"]
[Date "2015.07.17"]
[Round "7.7"]
[White "Chernyak Viktoria"]
[Black "Jacobsen Mikkel Manosri"]
[Result "1/2-1/2"]
[WhiteElo "2136"]
[BlackElo "2370"]
[PlyCount "74"]
[EventDate "2015.??.??"]
[WhiteClock "0:31:30"]
[BlackClock "0:23:10"]

1. c4 c6 2. g3 d5 3. Bg2 Nf6 4. Nf3 Bg4 5. O-O Nbd7 6. cxd5 cxd5 7. d3 e6 8.
Nc3 Be7 9. h3 Bh5 10. Bf4 O-O 11. Rc1 a6 12. g4 Bg6 13. a3 h5 14. g5 Nh7 15.
Qd2 Nc5 16. Rcd1 d4 17. Ne4 Rc8 18. Nxc5 Rxc5 19. Rc1 Nxg5 20. Nxg5 Rxg5 21.
Bxg5 Bxg5 22. f4 Bh6 23. Qb4 e5 24. Qxb7 Bxf4 25. Rc5 Qh4 26. Rf3 Be3+ 27. Kh2
Qe1 28. Bf1 e4 29. dxe4 d3 30. Rc8 d2 31. Rxf8+ Kxf8 32. Qc8+ Ke7 33. Qc7+ Ke8
34. Qc8+ Ke7 35. Qc7+ Ke8 36. Qc8+ Ke7 37. Qc7+ Ke8 1/2-1/2

[Event "Heart of Finland 2015"]
[Site "Jyvaskyla"]
[Date "2015.07.17"]
[Round "7.8"]
[White "Johansson Jukka"]
[Black "Saveliev Aleksei"]
[Result "1/2-1/2"]
[WhiteElo "2089"]
[BlackElo "2294"]
[PlyCount "121"]
[EventDate "2015.??.??"]
[WhiteClock "0:03:17"]
[BlackClock "0:01:06"]

1. d4 Nf6 2. c4 e6 3. Nc3 Bb4 4. e3 O-O 5. Nge2 d5 6. a3 Bd6 7. c5 Be7 8. b4 b6
9. Nf4 a5 10. Bd2 c6 11. Na4 axb4 12. axb4 b5 13. Nc3 Rxa1 14. Qxa1 Nbd7 15.
Nd3 Qc7 16. f4 Ne8 17. Nd1 f6 18. Bc3 g6 19. Be2 Ng7 20. O-O Qb8 21. N1f2 Nf5
22. Qc1 Bd8 23. e4 dxe4 24. Nxe4 Ne7 25. Nd6 Nd5 26. Bf3 Bc7 27. Bxd5 exd5 28.
f5 g5 29. h4 Bxd6 30. cxd6 Qxd6 31. hxg5 Qg3 32. g6 hxg6 33. Rf3 Qg5 34. Qe1
Nb6 35. Bd2 Qg4 36. Rf4 Qh5 37. fxg6 Nc4 38. Bc1 Qxg6 39. Rf3 Kf7 40. Qh4 Rg8
41. Qh2 Ke8 42. Nf4 Qc2 43. Rf1 Nd6 44. Be3 Bg4 45. Nxd5 cxd5 46. Qxd6 Bh3 47.
Qb8+ Kf7 48. Rxf6+ Kg7 49. Qg3+ Kxf6 50. Qxg8 Qd1+ 51. Kh2 Be6 52. Qf8+ Bf7 53.
Qh6+ Ke7 54. Bg5+ Kd7 55. Qf6 Qh5+ 56. Bh4 Kc7 57. Qe7+ Kb8 58. Qd6+ Kb7 59.
Qd7+ Kb6 60. Qd6+ Kb7 61. Qd7+ 1/2-1/2

[Event "Heart of Finland 2015"]
[Site "Jyvaskyla"]
[Date "2015.07.17"]
[Round "7.9"]
[White "Rantanen Yrjo"]
[Black "Ronka Erik"]
[Result "1/2-1/2"]
[WhiteElo "2293"]
[BlackElo "2189"]
[PlyCount "69"]
[EventDate "2015.??.??"]
[WhiteClock "0:14:57"]
[BlackClock "0:04:09"]

1. e4 c6 2. d4 d5 3. exd5 cxd5 4. c4 Nf6 5. Nc3 g6 6. cxd5 Nxd5 7. Qb3 Nb6 8.
Bb5+ Bd7 9. Nf3 Bg7 10. Ne5 O-O 11. Nxd7 N6xd7 12. Be3 Nc6 13. Rd1 Nb6 14. Ne2
Rc8 15. Bd3 Na5 16. Qb5 Nac4 17. Bc1 Qd5 18. Qxd5 Nxd5 19. O-O Rfd8 20. b3 Nd6
21. Bd2 Nf5 22. Bxf5 gxf5 23. Rc1 Nb6 24. Be3 Nd5 25. Rxc8 Rxc8 26. Rc1 Rxc1+
27. Bxc1 e6 28. Bd2 Kf8 29. Kf1 Ke7 30. Ke1 Kd6 31. Kd1 Nf6 32. f3 Nd7 33. Kc2
Kd5 34. Kd3 Bf8 35. Nf4+ 1/2-1/2

[Event "Heart of Finland 2015"]
[Site "Jyvaskyla"]
[Date "2015.07.17"]
[Round "7.10"]
[White "Ristoja Samu"]
[Black "Reinwald Patrick"]
[Result "1/2-1/2"]
[WhiteElo "2144"]
[BlackElo "2247"]
[PlyCount "86"]
[EventDate "2015.??.??"]
[WhiteClock "0:20:29"]
[BlackClock "0:18:18"]

1. e4 e5 2. Nf3 Nc6 3. Bb5 a6 4. Ba4 Nf6 5. d3 b5 6. Bb3 Bc5 7. O-O d6 8. a3
Bg4 9. Be3 Nd4 10. Bxd4 Bxd4 11. c3 Bb6 12. h3 Bh5 13. Re1 O-O 14. Nbd2 Nd7 15.
Bd5 Rb8 16. Bc6 Nc5 17. Nf1 Qf6 18. g4 Bg6 19. Ne3 Ne6 20. Nd5 Qd8 21. b4 f6
22. Nh4 Be8 23. Nf5 g6 24. Bxe8 Qxe8 25. Qb3 Kh8 26. Nxb6 gxf5 27. exf5 Ng5 28.
Nd5 Nf3+ 29. Kg2 Nxe1+ 30. Rxe1 Qf7 31. c4 c6 32. Nc3 a5 33. bxa5 bxc4 34. Qxc4
Qxc4 35. dxc4 Rb3 36. Ne4 d5 37. cxd5 cxd5 38. Nc5 Rxa3 39. Ne6 Rg8 40. g5 e4
41. h4 Rxa5 42. Kh3 fxg5 43. hxg5 Ra6 1/2-1/2

[Event "Heart of Finland 2015"]
[Site "Jyvaskyla"]
[Date "2015.07.17"]
[Round "7.11"]
[White "Tiitta Sauli"]
[Black "Tuononen Janne"]
[Result "0-1"]
[WhiteElo "2245"]
[BlackElo "2178"]
[PlyCount "74"]
[EventDate "2015.??.??"]
[WhiteClock "0:03:04"]
[BlackClock "0:09:38"]

1. e4 c6 2. c4 d5 3. cxd5 cxd5 4. exd5 Nf6 5. Nc3 Nxd5 6. Nf3 Nxc3 7. bxc3 g6
8. Bb5+ Bd7 9. Qb3 Bg7 10. O-O O-O 11. Re1 Nc6 12. d4 Na5 13. Qa4 Bxb5 14. Qxb5
Re8 15. Bg5 b6 16. Rac1 a6 17. Qb4 Nc6 18. Qa3 Qc7 19. d5 Ne5 20. c4 Nxc4 21.
Qb4 b5 22. Rxe7 Bf8 23. Rxc7 Bxb4 24. Kf1 Rac8 25. Rxc8 Rxc8 26. Ne5 f6 27. Nc6
fxg5 28. Nxb4 Nd2+ 29. Ke2 Rxc1 30. Kxd2 Ra1 31. Kd3 a5 32. Nc6 Kf7 33. Nxa5
Rxa2 34. Nb7 Rxf2 35. d6 Rf5 36. Kd4 Ke6 37. d7 Kxd7 0-1

[Event "Heart of Finland 2015"]
[Site "Jyvaskyla"]
[Date "2015.07.17"]
[Round "7.12"]
[White "Mertanen Janne"]
[Black "Joentausta Hannu"]
[Result "1-0"]
[WhiteElo "2228"]
[BlackElo "2147"]
[PlyCount "31"]
[EventDate "2015.??.??"]

1. d4 Nf6 2. Bg5 c5 3. d5 Qb6 4. Nc3 Qxb2 5. Bd2 Qb6 6. e4 d6 7. f4 Bg4 8. Be2
Bxe2 9. Qxe2 Qa6 10. Nb5 Kd8 11. c4 Nbd7 12. Nf3 e5 13. Ng5 Kc8 14. Nxf7 Rg8
15. O-O Be7 16. Rf3 1-0

[Event "Heart of Finland 2015"]
[Site "Jyvaskyla"]
[Date "2015.07.17"]
[Round "7.13"]
[White "Annenkov Kirill"]
[Black "Hytonen Timo"]
[Result "1/2-1/2"]
[WhiteElo "2210"]
[BlackElo "1946"]
[PlyCount "102"]
[EventDate "2015.??.??"]
[WhiteClock "1:03:16"]
[BlackClock "0:00:58"]

1. d4 Nf6 2. c4 c5 3. dxc5 e6 4. Nf3 Bxc5 5. e3 O-O 6. Nc3 d5 7. cxd5 exd5 8.
Be2 Nc6 9. Nb5 Ne4 10. O-O Ne7 11. a3 a6 12. Nbd4 Ng6 13. b4 Bd6 14. Bb2 Be6
15. Nd2 Qc7 16. f4 Nc3 17. Qe1 Nxe2+ 18. Qxe2 Ne7 19. g4 Bd7 20. Kh1 Rae8 21.
Rg1 Ng6 22. Qf2 f5 23. gxf5 Bxf5 24. Nxf5 Rxf5 25. Nf3 Qe7 26. Qg2 Qe4 27. Rad1
Rc8 28. Nd4 Qxg2+ 29. Rxg2 Rf7 30. Ne6 Re8 31. Nxg7 Rxe3 32. f5 Nf4 33. Rg4 Kf8
34. f6 Nd3 35. Ne6+ Ke8 36. Rxd3 Rxd3 37. Rg8+ Kd7 38. Ng5 Rf8 39. Rg7+ Kc6 40.
Nxh7 Rd1+ 41. Kg2 Rd2+ 42. Kf3 Rxb2 43. Nxf8 Bxf8 44. Rg8 Bd6 45. h4 Rb3+ 46.
Kg2 Rb2+ 47. Kf3 Rh2 48. Rh8 Rh1 49. Kg2 Rh2+ 50. Kf3 Rh3+ 51. Kf2 Rh2+ 1/2-1/2

[Event "Heart of Finland 2015"]
[Site "Jyvaskyla"]
[Date "2015.07.17"]
[Round "7.14"]
[White "Alho Sauli"]
[Black "Luukkonen Tommi"]
[Result "1/2-1/2"]
[WhiteElo "2112"]
[BlackElo "2348"]
[PlyCount "122"]
[EventDate "2015.??.??"]
[WhiteClock "0:13:33"]
[BlackClock "0:43:42"]

1. e4 e5 2. Nf3 Nc6 3. d4 exd4 4. Bc4 Nf6 5. O-O Nxe4 6. Re1 d5 7. Bxd5 Qxd5 8.
Nc3 Qa5 9. Rxe4+ Be6 10. Nxd4 O-O-O 11. Be3 Bc5 12. Qh5 Bxd4 13. Qxa5 Nxa5 14.
Rxd4 Nc4 15. b3 Nxe3 16. fxe3 Bf5 17. Rf1 Bg6 18. Rf2 Rhe8 19. Rxd8+ Rxd8 20.
Kf1 f6 21. Ke1 c6 22. Rd2 Re8 23. Kf2 Re5 24. Ne2 b5 25. b4 Bf7 26. a3 Kc7 27.
Nd4 Bc4 28. Nf3 Re7 29. Rd4 Bd5 30. Nd2 Re5 31. e4 Bf7 32. c4 c5 33. bxc5 bxc4
34. Nxc4 Rxc5 35. Ne3 Ra5 36. Rd3 Ra4 37. Kf3 Bg6 38. Nd5+ Kc6 39. Ne7+ Kc5 40.
Re3 Bf7 41. Nf5 g6 42. Ng3 Kd4 43. Ne2+ Ke5 44. Nc1 Bc4 45. g3 Bb5 46. Na2 Bc6
47. Nb4 Bb7 48. g4 f5 49. gxf5 gxf5 50. Nd3+ Kd4 51. Nf2 fxe4+ 52. Kf4 Ra6 53.
Nxe4 Rh6 54. Ng3 Rh4+ 55. Kg5 Rxh2 56. Nf5+ Kd5 57. Re7 Bc8 58. Rxa7 Rg2+ 59.
Kf6 Rf2 60. Ra5+ Ke4 61. Re5+ Kd3 1/2-1/2

[Event "Heart of Finland 2015"]
[Site "Jyvaskyla"]
[Date "2015.07.17"]
[Round "7.15"]
[White "Aseev Vladimir"]
[Black "Wallner Joachim"]
[Result "0-1"]
[WhiteElo "2085"]
[BlackElo "2345"]
[PlyCount "54"]
[EventDate "2015.??.??"]
[WhiteClock "0:50:02"]
[BlackClock "1:13:45"]

1. d4 d5 2. c4 c6 3. cxd5 cxd5 4. Nc3 Nf6 5. Bf4 Nc6 6. e3 a6 7. Bd3 Bg4 8. Nf3
e6 9. Rc1 Bd6 10. Bg3 O-O 11. Qb3 Bxf3 12. gxf3 Na5 13. Qc2 b5 14. Bh4 h6 15.
f4 Be7 16. Qe2 Nc4 17. O-O Rc8 18. b3 Nd6 19. a4 Qa5 20. Qe1 b4 21. Bxf6 Bxf6
22. Na2 Rxc1 23. Qxc1 Be7 24. Qc5 Qxc5 25. dxc5 Nb7 26. c6 Nc5 27. a5 Nxd3 0-1